[Event "GER-ch U25-C"]
[Site "Willingen"]
[Date "2018.05.20"]
[Round "2"]
[White "Bone, Franziska"]
[Black "Wagner, Xaver"]
[Result "1-0"]
[WhiteElo "920"]
[BlackElo "1127"]
[PlyCount "83"]
[EventDate "2018.05.19"]
[EventType "swiss"]
[EventRounds "9"]
[EventCountry "GER"]
[SourceTitle "CBM 184 Extra"]
[Source "ChessBase"]
[SourceDate "2018.06.28"]
[SourceVersion "1"]
[SourceVersionDate "2018.06.28"]
[SourceQuality "1"]

1. e4 e5 2. Nf3 Nc6 3. Bc4 Bc5 4. c3 d6 5. h3 h6 6. d4 exd4 7. cxd4 Bb4+ 8. Nc3 Nf6 9. 0-0 Bxc3 10. bxc3 0-0 11. d5 Ne5 12. Nxe5 dxe5 13. Ba3 Re8 14. Bb5 Bd7 15. Bxd7 Qxd7 16. Re1 Rad8 17. c4 c6 18. Rb1 b5 19. d6 bxc4 20. Rc1 Qb7 21. Rxc4 Qa6 22. Ra4 Qb7 23. Bc5 Qb5 24. Bxa7 Ra8 25. Ra3 Red8 26. Ree3 Qb4 27. Red3 Nxe4 28. d7 Nf6 29. Rab3 Qe7 30. Rb7 Qe6 31. Bb6 Rxd7 32. Rdxd7 Nxd7 33. Rxd7 Qxa2 34. Rd8+ Rxd8 35. Qxd8+ Kh7 36. Qd3+ g6 37. Qe4 Qd5 38. Qe3 Qa2 39. Bc5 Qd5 40. Bf8 Qd4 41. Qxh6+ Kg8 42. Qg7# 1-0